Avrupa Birliği'nde ve Türkiye'de çevre mevzuatı /

Saved in:
Bibliographic Details
Corporate Author: Türkiye Çevre Vakfı.
Format: Book
Language:Turkish
Published: Ankara : Türkiye Çevre Vakfı Yayını, 2001.
Series:Yayın (Türkiye Çevre Vakfı) ; no. 149.
Subjects:
Tags: Add Tag
No Tags, Be the first to tag this record!
LEADER 01379cam a2200397Ia 4500
001 009077315-2
005 20160930073302.0
008 070221s2001 tu b 000 0 tur d
020 |a 9757250619 
020 |a 9789757250616 
035 0 |a ocm84724931 
040 |a BGZ  |b eng  |c BGZ  |d OCLCF  |d OCLCQ  |d MH-L 
043 |a a-tu---  |a e------ 
050 1 4 |a GE190.T9  |b A97 2001 
245 0 0 |a Avrupa Birliği'nde ve Türkiye'de çevre mevzuatı /  |c Türkiye Çevre Vakfı. 
260 |a Ankara :  |b Türkiye Çevre Vakfı Yayını,  |c 2001. 
300 |a 456 pages ;  |c 24 cm. 
336 |a text  |b txt  |2 rdacontent 
337 |a unmediated  |b n  |2 rdamedia 
338 |a volume  |b nc  |2 rdacarrier 
490 1 |a TÇV ;  |v yayın no. 149 
504 |a Includes bibliographical references (page 451). 
650 0 |a Environmental policy  |z Turkey. 
651 0 |a Turkey  |x Foreign relations  |z European Union countries. 
650 0 |a Environmental law  |z European Union countries. 
651 0 |a European Union countries  |x Foreign relations  |z Turkey. 
650 7 |a Diplomatic relations.  |2 fast 
650 7 |a Environmental law.  |2 fast 
650 7 |a Environmental policy.  |2 fast 
651 7 |a Europe  |z European Union countries.  |2 fast 
651 7 |a Turkey.  |2 fast 
710 2 |a Türkiye Çevre Vakfı. 
830 0 |a Yayın (Türkiye Çevre Vakfı) ;  |v no. 149. 
988 |a 20030404 
049 |a HVLA 
906 |0 OCLC